01461nam a2200253 a 450000100100000000500170001000800410002702000180006804000250008608200150011110000330012624501800015926000360033930000460037550000710042170000540049271000280054695201280057495201280070295201280083095201130095895201190107199900170119000004619120240228142134.0150703s2015 dr ac r 000 0 spa d a9789945423310 aDO-SdBNPbspacBNPHU axxxxbxxxx1 aSánchez R., Edis A.97423813aUn año de cultura tradicional dominicana :binvestigación del Grupo de Folklore de UNAPEC, julio de 2009 - junio 2010 /cEdis A. Sánchez R. ; prólogo Carlos Andújar. aSanto Domingo :bUNAPEC,c2015. a159 p. :bil., retrs. + CD-ROM) ;c23 cm. aIncluye datos biográficos del autor en la solapa de la cubierta.12aAndújar Persinal, Carlos,d1956-epról.9773722aUniversidad APEC930673 001054708DSaGRbGRcHDd2015-07-03iLF1l0oxxxx xxxxp46191-30r2020-06-25te. 3w2020-06-25yLFDSZPréstamo en sala 001054708DSaGRbGRcHDd2018-07-24iLF1l0oxxxx xxxxp46191-40r2020-06-25te. 4w2020-06-25yLFDSZPréstamo en sala 001054708DSaGRbGRcHDd2018-07-24iLF1l0oxxxx xxxxp46191-50r2020-06-25te. 5w2020-06-25yLFDSZPréstamo en sala 0010718PDaPDbPDcHDd2015-07-03iLF1l0oxxxx xxxxp46191-10r2020-06-25w2020-06-25yLFPDZNo se presta 0010718PDaPDbPDcHDd2015-07-03iLF1l0oxxxx xxxxp46191-20r2020-06-25te. 2w2020-06-25yLFPDZNo se presta c45680d45680